IELTS express. (Record no. 11230)
[ view plain ]
| 000 -LEADER | |
|---|---|
| fixed length control field | 01599cam a22004095i 4500 |
| 001 - CONTROL NUMBER | |
| control field | 14124596 |
| 003 - CONTROL NUMBER IDENTIFIER | |
| control field | EG-ScBUE |
| 005 - DATE AND TIME OF LATEST TRANSACTION | |
| control field | 20200105114456.0 |
| 008 - FIXED-LENGTH DATA ELEMENTS--GENERAL INFORMATION | |
| fixed length control field | 050929t20062006enka f 000 0 eng d |
| 020 ## - INTERNATIONAL STANDARD BOOK NUMBER | |
| International Standard Book Number | 9781413009552 (Course book) |
| 020 ## - INTERNATIONAL STANDARD BOOK NUMBER | |
| International Standard Book Number | 1413009557 (Course book) |
| 020 ## - INTERNATIONAL STANDARD BOOK NUMBER | |
| International Standard Book Number | 9781413009590 (Workbook) |
| 020 ## - INTERNATIONAL STANDARD BOOK NUMBER | |
| International Standard Book Number | 141300959X (Workbook) |
| 035 ## - SYSTEM CONTROL NUMBER | |
| System control number | (OCoLC)ocm62865376 |
| 040 ## - CATALOGING SOURCE | |
| Original cataloging agency | EG-ScBUE |
| Language of cataloging | eng |
| Description conventions | rda |
| Transcribing agency | EG-ScBUE |
| Modifying agency | EG-ScBUE |
| -- | EG-ScBUE |
| 082 04 - DEWEY DECIMAL CLASSIFICATION NUMBER | |
| Classification number | 428.24076 |
| Item number | HAL |
| Edition number | 22 |
| 100 1# - MAIN ENTRY--PERSONAL NAME | |
| Personal name | Hallows, Richard, |
| Relator term | author. |
| 9 (RLIN) | 3369 |
| 245 10 - TITLE STATEMENT | |
| Title | IELTS express. |
| Name of part/section of a work | Intermediate / |
| Statement of responsibility, etc | Richard Hallows [and three other]. |
| 264 #1 - PUBLICATION, DISTRIBUTION, ETC. (IMPRINT) | |
| Place of publication, distribution, etc | Boston, Mass. ; |
| -- | Bedford Row, London : |
| Name of publisher, distributor, etc | Thomson ; |
| Place of publication, distribution, etc | Andover, Hampshire : |
| Name of publisher, distributor, etc | Heinle / Cengage Learning, |
| Date of publication, distribution, etc | [2006] |
| 264 #4 - PUBLICATION, DISTRIBUTION, ETC. (IMPRINT) | |
| Date of publication, distribution, etc | c2006 |
| 300 ## - PHYSICAL DESCRIPTION | |
| Extent | 2 volumes : |
| Other physical details | illustrations (color) ; |
| Dimensions | 28 cm. |
| 336 ## - CONTENT TYPE | |
| Content type term | text |
| Content type code | txt |
| Source | rdacontent |
| 337 ## - MEDIA TYPE | |
| Media type term | unmediated |
| Media type code | n |
| Source | rdamedia |
| 338 ## - CARRIER TYPE | |
| Carrier type term | volume |
| Carrier type code | nc |
| Source | rdacarrier |
| 490 0# - SERIES STATEMENT | |
| Series statement | Exam essentials |
| 505 0# - FORMATTED CONTENTS NOTE | |
| Formatted contents note | volume 1. Coursebook -- volume 2. Workbook. |
| 520 ## - SUMMARY, ETC. | |
| Summary, etc | A preparation course for candidates studying for the International English Language Testing System examination (IELTS) |
| 650 #7 - SUBJECT ADDED ENTRY--TOPICAL TERM | |
| Topical term or geographic name as entry element | International English Language Testing System. |
| Source of heading or term | BUEsh |
| 9 (RLIN) | 3371 |
| 650 #7 - SUBJECT ADDED ENTRY--TOPICAL TERM | |
| Topical term or geographic name as entry element | English language |
| Form subdivision | Textbooks for foreign speakers. |
| Source of heading or term | BUEsh |
| 9 (RLIN) | 3372 |
| 650 #7 - SUBJECT ADDED ENTRY--TOPICAL TERM | |
| Topical term or geographic name as entry element | English language |
| Form subdivision | Examinations |
| -- | Study guides. |
| Source of heading or term | BUEsh |
| 9 (RLIN) | 3373 |
| 651 ## - SUBJECT ADDED ENTRY--GEOGRAPHIC NAME | |
| Source of heading or term | BUEsh |
| 653 ## - INDEX TERM--UNCONTROLLED | |
| Resource For college | Humanities: English |
| 700 1# - ADDED ENTRY--PERSONAL NAME | |
| Personal name | Unwin, Mark, |
| Relator term | author. |
| 9 (RLIN) | 3375 |
| 700 1# - ADDED ENTRY--PERSONAL NAME | |
| Personal name | Lisboa, Martin, |
| Relator term | author. |
| 9 (RLIN) | 3374 |
| 700 1# - ADDED ENTRY--PERSONAL NAME | |
| Personal name | Humphreys, Pamela, |
| Relator term | author. |
| 942 ## - ADDED ENTRY ELEMENTS (KOHA) | |
| Source of classification or shelving scheme | Dewey Decimal Classification |
| Koha item type | Book - Borrowing |
| Withdrawn status | Lost status | Source of classification or shelving scheme | Damaged status | Not for loan | Collection code | Home library | Current library | Shelving location | Date acquired | Source of acquisition | Cost, normal purchase price | Serial Enumeration / chronology | Total Checkouts | Total Renewals | Full call number | Barcode | Checked out | Date last seen | Date checked out | Price effective from | Koha item type | Public note |
|---|---|---|---|---|---|---|---|---|---|---|---|---|---|---|---|---|---|---|---|---|---|---|
| Dewey Decimal Classification | ILB | Central Library | Central Library | Second Floor | 08/04/2009 | Purchase | 37.50 | 43868 | 4 | 6 | 428.24076 HAL | 000015869 | 09/11/2021 | 19/02/2018 | 19/02/2018 | 08/04/2009 | Book - Borrowing | Workbook | ||||
| Dewey Decimal Classification | ILB | Central Library | Central Library | Second Floor | 08/04/2009 | Purchase | 67.50 | 43868 | 9 | 11 | 428.24076 HAL | 000015871 | 09/11/2021 | 19/02/2018 | 19/02/2018 | Book - Borrowing | Coursebook |